How it all began : the story of Carl Jacobsen's Egyptian collection, 1884-1925 /
Main Author:
Format: Book
Language:
English
Danish
Published:
[Copenhagen] :
Ny Carlsberg Glyptotek,
2015.
Subjects:
Tags: Add Tag
Call Number: DT59 .C75 J67 2015
| LEADER | 01164namaa2200289 4500 | ||
|---|---|---|---|
| 003 | OSt | ||
| 005 | 20260517070715.0 | ||
| 008 | 160401s2015 dk a b 000 0 eng d | ||
| 020 | |a 9788774523437 | ||
| 040 | |c ARCE Library | ||
| 041 | 1 | |a eng |h dan | |
| 043 | |a f-ua--- | ||
| 050 | 4 | |a DT59 .C75 J67 2015 | |
| 100 | 1 | |a Jørgensen, Mogens, |d 1948-, |e author | |
| 240 | 1 | 0 | |a Begyndelsen til det hele. |l English |
| 245 | 1 | 0 | |a How it all began : |b the story of Carl Jacobsen's Egyptian collection, 1884-1925 / |c Mogens Jørgensen ; [translation by Neil Stanford]. |
| 246 | 3 | 0 | |a Story of Carl Jacobsen's Egyptian collection 1884-1925. |
| 264 | 1 | |a [Copenhagen] : |b Ny Carlsberg Glyptotek, |c 2015. | |
| 300 | |a 173 pages : |b illustrations (chiefly color) ; |c 25 cm. | ||
| 504 | |a Includes bibliographical references (pages 171-173) | ||
| 600 | 1 | 0 | |a Jacobsen, Carl Christian Hilmann, |d 1842-1914 |x Art collections. |
| 610 | 2 | 0 | |a Ny Carlsberg glyptotek |x History |y 19th century. |2 |
| 610 | 2 | 0 | |a Ny Carlsberg glyptotek |x History |y 20th century. |
| 651 | 0 | |a Egypt |x Antiquities |x Collectors and collecting |v Catalogs. | |
| 901 | |a reviewed | ||
| 942 | |c BK |2 lcc | ||
| 999 | |c 2270 |d 2270 | ||
